Manual and course of study; (Record no. 20586)

MARC details
000 -LEADER
fixed length control field 00885cam a22002531 4500
001 - CONTROL NUMBER
control field e 23000028
003 - CONTROL NUMBER IDENTIFIER
control field DLC
005 - DATE AND TIME OF LATEST TRANSACTION
control field 20260227111214.0
008 - FIXED-LENGTH DATA ELEMENTS--GENERAL INFORMATION
fixed length control field 820826s1922 txu b s000 0 eng c
010 ## - LIBRARY OF CONGRESS CONTROL NUMBER
LC control number e 23000028
035 ## - SYSTEM CONTROL NUMBER
System control number (OCoLC)8720510
040 ## - CATALOGING SOURCE
Original cataloging agency Library, U.S. Bur. of Education
Transcribing agency DNIE
Modifying agency DLC
042 ## - AUTHENTICATION CODE
Authentication code premarc
043 ## - GEOGRAPHIC AREA CODE
Geographic area code n-us-tx
050 00 - LIBRARY OF CONGRESS CALL NUMBER
Classification number LB1561.T4
Item number A3 1922
110 1# - MAIN ENTRY--CORPORATE NAME
Corporate name or jurisdiction name as entry element Texas.
Subordinate unit State Department of Education.
245 00 - TITLE STATEMENT
Title Manual and course of study;
Remainder of title elementary grades, public schools of Texas, 1922-23.
Statement of responsibility, etc. Annie Webb Blanton, superintendent of public instruction ... Issued by the Department of education, state of Texas.
260 ## - PUBLICATION, DISTRIBUTION, ETC.
Place of publication, distribution, etc. [Austin,
Date of publication, distribution, etc. 1922]
300 ## - PHYSICAL DESCRIPTION
Extent 137 p.
Dimensions 24 cm.
490 0# - SERIES STATEMENT
Series statement Bulletin
Volume/sequential designation 152. Sept., 1922
504 ## - BIBLIOGRAPHY, ETC. NOTE
Bibliography, etc. note Contains references.
504 ## - BIBLIOGRAPHY, ETC. NOTE
Bibliography, etc. note "Books that every child should read": p. 26-28.
650 #0 - SUBJECT ADDED ENTRY--TOPICAL TERM
Topical term or geographic name entry element Education.

No items available.

Powered by Koha